000 01145nam a2200313 i 4500
003 EG-GICUC
005 20260310134958.0
008 260123s1983 ua |||fr|||| 00| 0 ara d
040 _a EG-GICUC
_bara
_c EG-GICUC
_d EG-GICUC
_erda
041 0 _aAra
082 0 4 _221
_a343.91
_bأ ح . م
092 0 4 _221
099 _aLaw1 10 343.91 أ ح . م 1983
100 0 _aأحمد فتحى سرور
_eمؤلف.
245 1 0 _aمدخل الفقه الجنائى الإسلامى /
_cتأليف الدكتور أحمد فتحى سرور.
250 _aالطبعة الثالثة
_bمزيدة ومنقحة
264 1 _aبيروت :
_aالقاهرة :
_bدار الشروق،
_c1983.
300 _a212 صفحة؛
_c24 سم.
336 _2rda content
_atext
337 _2rda media
_aComputer
338 _2rda carrier
_aOnline Resource
546 _aالنص باللغة العربية
650 1 _aالنظام الجنائى الإسلامى
_2qrmak
650 1 _aالقانون الجنائى
_2qrmak
651 1 _2qrmak
856 4 0 _uhttps://fll.law.cu.edu.eg/fulltext/bks/B10-08160.pdf
905 _a54
942 _2ddc
_cBK
_e21
_n0
999 _c58782
_d58782